| 000 | 00483nam a2200181 a 4500 | ||
|---|---|---|---|
| 001 | 3599 | ||
| 003 | CDMR | ||
| 005 | 20131106160548.0 | ||
| 008 | 130130s1976||||||||||||||||||||||||||||d | ||
| 020 | _a0500012040 | ||
| 040 |
_aCDMR _bcat _cCDMR |
||
| 100 | 1 |
_aSmith, Anthony _91053 |
|
| 245 | 1 | 4 |
_aThe newspaper _b: an international history _cAnthony Smith |
| 260 |
_aLondon _c1976 _bThames and Hudson |
||
| 300 |
_a192 p. _bil. b/n |
||
| 650 | 0 | 4 |
_91130 _aPremsa _xHistòria |
| 942 |
_cMON _2udc |
||
| 999 |
_c3599 _d3599 |
||